Girl child in India / (Record no. 65057)

MARC details
000 -LEADER
fixed length control field 00484nam a22001577a 4500
005 - DATE AND TIME OF LATEST TRANSACTION
control field 20180807130350.0
020 ## - INTERNATIONAL STANDARD BOOK NUMBER
International Standard Book Number 8171416233
Terms of availability 275.00
035 ## - SYSTEM CONTROL NUMBER
System control number B-92645, B-092652
037 ## - SOURCE OF ACQUISITION
Stock number DPL
Source of stock number/acquisition ENG
100 ## - MAIN ENTRY--PERSONAL NAME
Personal name Tripathy, S.N.
245 ## - TITLE STATEMENT
Title Girl child in India /
Statement of responsibility, etc by S.N. Tripathy and Premananda Pradhan
260 ## - PUBLICATION, DISTRIBUTION, ETC. (IMPRINT)
Place of publication, distribution, etc New Delhi
Name of publisher, distributor, etc Discovery Publishing House
Date of publication, distribution, etc 2003
300 ## - PHYSICAL DESCRIPTION
Extent 124p.
Dimensions 20 cms.
700 ## - ADDED ENTRY--PERSONAL NAME
Personal name Pradhan, Premananda
9 (RLIN) 45171
942 ## - ADDED ENTRY ELEMENTS (KOHA)
Source of classification or shelving scheme Dewey Decimal Classification
Item type English Books
Classification part 305.230954
Call number suffix TRI
Holdings
Withdrawn status Lost status Not for loan Collection code Home library Current library Date acquired Cost, normal purchase price Full call number Barcode Cost, replacement price Koha item type Source of acquisition
      Non-fiction Sarojini Nagar Sarojini Nagar 16/04/2012 275.00 305.230954 TRI B-92645 275.00 English Books  
      Non-fiction Shahdara Branch Shahdara Branch 07/08/2018 275.00 305.230954 TRI B-092652 275.00 English Books BPPD/PUB

© Delhi Public Library
Hit Counter
free hit counter